Bhasa tarangini/ (Record no. 11208)

MARC details
000 -LEADER
fixed length control field 00552nam a22002057a 4500
005 - DATE AND TIME OF LATEST TRANSACTION
control field 20211021140326.0
008 - FIXED-LENGTH DATA ELEMENTS--GENERAL INFORMATION
fixed length control field 211021b ||||| |||| 00| 0 eng d
020 ## - INTERNATIONAL STANDARD BOOK NUMBER
International Standard Book Number 97884733162
040 ## - CATALOGING SOURCE
Original cataloging agency IN-DiNC
Transcribing agency IN-DiNC
041 ## - LANGUAGE CODE
Language code of sung or spoken text Assamese
082 ## - DEWEY DECIMAL CLASSIFICATION NUMBER
Classification number 491.451
Item number GOS
100 ## - MAIN ENTRY--PERSONAL NAME
Personal name Goswami, Golok Chandra
Relator term Author
245 ## - TITLE STATEMENT
Title Bhasa tarangini/
Statement of responsibility, etc. by Golok Chandra Goswami
250 ## - EDITION STATEMENT
Edition statement 1st ed.
260 ## - PUBLICATION, DISTRIBUTION, ETC.
Place of publication, distribution, etc. Guwahati:
Name of publisher, distributor, etc. Publication Board Assam
Date of publication, distribution, etc. 2014
300 ## - PHYSICAL DESCRIPTION
Extent 114p.
650 ## - SUBJECT ADDED ENTRY--TOPICAL TERM
Topical term or geographic name entry element Assamese language
700 ## - ADDED ENTRY--PERSONAL NAME
Personal name Saikia, Hiren
Relator term Editor
942 ## - ADDED ENTRY ELEMENTS (KOHA)
Source of classification or shelving scheme Dewey Decimal Classification
Koha item type Books

No items available.


Naharkatiya College © 2020. All rights reserved.

Powered By